İBNİ SİNA İLE UÇAMN ADAMIN PEŞİNDE (Record no. 1178712)

MARC details
000 -LEADER
sabit uzunluktaki kontrol alanı 00255nam a2200097Ia 4500
001 - KONTROL NUMARASI
kontrol alanı 1178712
005 - EN SON İŞLEMİN TARİH VE ZAMANI
kontrol alanı 20250827012750.0
008 - SABİT-UZUNLUKTA VERİ ÖĞELERİ--GENEL BİLGİ
sabit uzunluktaki kontrol alanı 250824s9999 xx 000 0 und d
245 #0 - ESER / YAZAR
ESER ADI İBNİ SİNA İLE UÇAMN ADAMIN PEŞİNDE
Yazar Adı ÖZKAN ÖZE
260 ## - YAYIN, DAĞITIM, VB.
YAYIN EVİ KETEBE
Holdings
Düşüm durumu Kayıp durumu Hasar Durumu Ödünç verilmez Ana kütüphane Geçerli Kütüphane Edinilen tarih Toplam ödünç verme sayısı Barkod Son görüntüleme tarihi Fiyatın geçerli olmaya başladığı tarih Koha materyal türü
        OVA UN İLKOKULU OVA UN İLKOKULU 24.08.2025   10844677 27.08.2025 27.08.2025 Books